Harvard Business Review (Record no. 11818)
[ view plain ]
| 000 -LEADER | |
|---|---|
| fixed length control field | 00489nas a22001937a 4500 |
| 003 - CONTROL NUMBER IDENTIFIER | |
| control field | OSt |
| 005 - DATE AND TIME OF LATEST TRANSACTION | |
| control field | 20230131101315.0 |
| 008 - FIXED-LENGTH DATA ELEMENTS--GENERAL INFORMATION | |
| fixed length control field | 230131b ||||| |||| 00| 0 eng d |
| 024 ## - OTHER STANDARD IDENTIFIER | |
| Standard number or code | 0017-8012 |
| 040 ## - CATALOGING SOURCE | |
| Transcribing agency | NA |
| 082 ## - DEWEY DECIMAL CLASSIFICATION NUMBER | |
| Classification number | 658 |
| Item number | HAR |
| 245 ## - TITLE STATEMENT | |
| Title | Harvard Business Review |
| Statement of responsibility, etc | Harvard Business School |
| 260 ## - PUBLICATION, DISTRIBUTION, ETC. (IMPRINT) | |
| Place of publication, distribution, etc | United States |
| Name of publisher, distributor, etc | Harvard University |
| 310 ## - CURRENT PUBLICATION FREQUENCY | |
| Current publication frequency | Monthly |
| 650 ## - SUBJECT ADDED ENTRY--TOPICAL TERM | |
| Topical term or geographic name as entry element | Management |
| 710 ## - ADDED ENTRY--CORPORATE NAME | |
| Corporate name or jurisdiction name as entry element | Adi Ignatius |
| 856 ## - ELECTRONIC LOCATION AND ACCESS | |
| Uniform Resource Identifier | <a href="https://hbr.org/magazine#">https://hbr.org/magazine#</a> |
| 942 ## - ADDED ENTRY ELEMENTS (KOHA) | |
| Source of classification or shelving scheme | Dewey Decimal Classification |
| Koha item type | Periodicals |
| Serial record | 1 |
| Withdrawn status | Lost status | Source of classification or shelving scheme | Damaged status | Not for loan | Home library | Current library | Shelving location | Date acquired | Serial Enumeration / Volume No. | Total Checkouts | Date last seen | Bill Date | Koha item type |
|---|---|---|---|---|---|---|---|---|---|---|---|---|---|
| Dewey Decimal Classification | PIET C-LIBRARY | PIET C-LIBRARY | Periodical Section | 31/01/2023 | Vol 101, No 1 | 31/01/2023 | 31/01/2023 | Periodicals |